10 stanów USA z największą liczbą miliarderów - Statystyki

Ogólne statystyki
  • Ten quiz został rozwiązany 149 razy
  • Średni wynik to 4 z 10
Statystyki odpowiedzi
Liczba Stan % Poprawnych
186 Kalifornia
97%
135 Nowy Jork
85%
97 Floryda
69%
73 Teksas
64%
23 Illinois
34%
17 Nevada
27%
12 Kolorado
24%
18 Georgia/Pennsylvania
19%
22 Massachusetts
17%
13 Connecticut/Washington
11%
Nie znaleziono quizów pasujących do podanych kryteriów
Rozkład punktacji
Procent ludzi z każdym wynikiem
Percentyl według liczby udzielonych odpowiedzi
Twoja historia wyników
Nie rozwiązałeś tego quizu